La France des sous-préfectures - Click Quiz - Statistiques

Statistiques générales
  • Ce quiz a été pris 494 fois
  • Le résultat moyen est 14 sur 20
Statistiques - réponses
Hint Réponse % Correct
Pétain et son gouvernement s'y sont installés Vichy
91%
Capitale historique et culturelle de la Corse Corte
90%
Capitale du pays basque français Bayonne
89%
Une commune de sa banlieue est reliée à Douvres par le tunnel sous la manche Calais
89%
Une grande bataille de la grande guerre porte son nom Verdun
89%
Lieu de sacre de quasiment tous les rois capétiens Reims
88%
Premier port de conteneurs français Le Havre
87%
Au bord du Léman Thonon-les-Bains
85%
Un vase y a été cassé devant Clovis Soissons
84%
On y construit les plus gros paquebots du monde Saint-Nazaire
80%
Un pont à haubans autoroutier remarquable y passe Millau
78%
A le Mont-Saint-Michel dans son arrondissement, n'en déplaise aux Bretons Avranches
76%
Sochaux est dans sa banlieue Montbéliard
70%
La Roche-sur-Yon l'a rétrogradé au rang de sous-préfecture Fontenay-le-Comte
59%
La plus grande commune de métropole en superficie Arles
58%
Ville réputée pour ses tapisseries, revendiquant même en être la capitale Aubusson
56%
François Mitterrand en a longtemps été maire Chateau-Chinon
54%
En face de Tain-l'Hermitage Tournon-sur-Rhône
50%
La dernière à avoir rejoint le club, c'était en 2022 Saint-Georges
37%
Est la moins peuplée de France Castellane
33%
Aucun quiz correspondant
Distribution des résultats
% des personnes avec chaque résultat
Percentile par nombre de réponses
Votre historique - résultats
Vous n’avez pas pris ce quiz